Score 0/22 Timer 03:00
0 Plays Today
Word % Correct
★PAUL★
97.2%
PAIL
96.8%
GRIN
96.6%
FLOOD
95.1%
ASIA
95.1%
FLOYD
95%
ASK A
93.3%
PAIN
93.1%
GAIN
92.8%
BRICK
91.7%
GRID
91.3%
Word % Correct
BLOOD
91%
BLINK
90.8%
ARIA
90.6%
ARID
90.1%
PRICK
89.5%
BRINK
88.6%
★ANKA★
87.8%
BLIND
87.7%
★LLOYD★
86.6%
BLOND
84.3%
★PRICE★
83.5%

Today's Daily Dose

Remove Ads.
Support Sporcle.
Get the best of Sporcle when you Go Orange. This ad-free experience offers more features, more stats, and more fun while also helping to support Sporcle. Thank you for becoming a member.

You're not logged in!

Compare scores with friends on all Sporcle quizzes.
OR
Log In

Show Comments

Extras

Top Quizzes Today


Score Distribution

Your Account Isn't Verified!

In order to create a playlist on Sporcle, you need to verify the email address you used during registration. Go to your Sporcle Settings to finish the process.

Report this User

Report this user for behavior that violates our Community Guidelines.

Details: